Регионална библиотека "Любен Каравелов" - Русе

Doktor Dolittle Archivschatze [DVD видео] (Запис номер 222929)

MARC детайли
000 -Лидер
Лидер 01010ngm a2200325 a 4500
003 - Код на организацията, давaща контролен номер
Код на организацията, даваща контролен номер BLK
005 - Дата и час на последна редакция
Дата и час на последна редакция 20240610153026.0
008 - Елементи от данни с фиксирана дължина
Елементи с фиксирана дължина 180410b bul||n||s|||||||| mzbulo|
010 ## - Наследен системен номер
LC control number CDD00004843000
040 ## - Източник на каталожния запис
Код на библиотеката BLK
041 ## - Код за език
Език Немски
Език за КДБФ Немски
080 ## - УДК
УДК текст Художествени филмови жанрове
УДК код 791.221/.228
УДК – код + определител 791.221/.228
245 10 - Сведения за заглавието
Заглавие Doktor Dolittle Archivschatze [DVD видео]
Подзаглавни данни DVD 1-2
Авторска отговорност anim. und Reg. Lotte Reiniger.
Том DVD 1
257 ## - Страна на издаване
Страна на създаване/издаване Германия
260 ## - Област на издателските данни
Име на издателя Absolut Medien
Година на издаване 2008
Място на издаване Berlin
300 ## - Физическа характеристика
Брой дискове, общо времетраене 1 DVD
Други физически данни PAL : 133 мин.
Размер 12 см
380 ## - Жанр
Жанр Изкуство
505 ## - Форматирана забележка
Съдържа: Doktor Dolittle und seine Tiere
505 ## - Форматирана забележка
Съдържа: Die Jagd nach dem Gluck
700 1# - Други автори (авторска отговорност)
Друг автор Reiniger, Lotte
Авт. отговорност на др. автор anim. und Reg.
9 (RLIN) 22261
760 1# - Описание на основната серия
Страници - том 133мин.
Заглавие DVD 1
852 ## - Местоположение
Сигнатура (форматна) Цб CD 2851
Част 2
856 4# - Електронен адрес и достъп
Електронен формат pdf - файл
Път до файла (ресурса)
856 4# - Електронен адрес и достъп
Електронен формат pdf - файл
Път до файла (ресурса)
942 ## - АРТИКУЛИ
Вид на библиотечния документ Компактдискове
Скрит в OPAC Не
944 ## - СЪЗДАВАНЕ И РЕДАКЦИЯ на ЗАПИСА
Създаване/Редакция Създаване
Дата на регистрацията/редакция 19.05.2011
Служител, извършил регистрацията/редакцията 30542
Номер на служител Русанова Ирена
944 ## - СЪЗДАВАНЕ И РЕДАКЦИЯ на ЗАПИСА
Създаване/Редакция Редакция
Дата на регистрацията/редакция 19.05.2011
Служител, извършил регистрацията/редакцията r,
999 ## - СИСТЕМНИ КОНТРОЛНИ НОМЕРА
Koha biblionumber 222929
Koha biblioitemnumber 222929
999 ## - СИСТЕМНИ КОНТРОЛНИ НОМЕРА
Koha biblioitemnumber 222929
999 ## - СИСТЕМНИ КОНТРОЛНИ НОМЕРА
Koha biblioitemnumber 222929
Наличности
Код за отписване Код за изгубен артикул Източник на класификационната схема Код за повреда Коз за рестрикции Код за отдаване Артикулен № Име на библиотеката - собственик Име на библиотеката, в която се намира в момента Статус (Текущо местоположение) Дата на вписване в системата Местоположение - отдел Цена в лева Инвентарен номер Систематично азбучна сигнатура Баркод Номер на екземпляра Цена в евро Служебна бележка Служебен тип на артикула
  Не е изгубен Universal Decimal Classification Не е повреден без рестрикции заемане за дома 394938 Регионална библиотека "Любен Каравелов" Русе Регионална библиотека "Любен Каравелов" Русе Отдел Изкуство - подръчен фонд 2000-01-01 Отдел Изкуство - подръчен фонд 8.00 120000907850 791.221/229/R 38 L 120000907850 1 4.09 Дост: DA Вид: А N: стар фонд Дата: 01.01.2000 Съставил: Теодора_Стоянова Компактдискове
Vip Innovations Ltd, Rousse, Bulgaria 2025